000 01168nam a2200193 a 4500
008 120416s0000 ||||||||||||||||| || u
020 _a951472576X
050 _aTT 180 Wor
245 1 0 _aWoodworking industrial safety
246 _aproceedings of the workshop on...
260 _aHelsinki
_bFINNIDA
_c1989
300 _aiv, 268p. : ill.
350 _a0.00
995 _aMAIN LIBRARY OPEN ACCESS
_D0.00
_e728808
_FCBU-MAIN LIBRARY (Kitwe)
_H1
_I0.00
_jTT 180 Wor
_M1
_UAVAILABLE
_y020479
_ZMain Library Open Access Collection
995 _aANNEX COLLECTION (Main Library)
_D0.00
_e722810
_FCBU-MAIN LIBRARY (Kitwe)
_H4
_I0.00
_jTT 180 Wor
_M4
_UAVAILABLE
_y020481
_ZAnnex Low-Usage Collection
995 _aANNEX COLLECTION (Main Library)
_D0.00
_e728807
_FCBU-MAIN LIBRARY (Kitwe)
_H3
_I0.00
_jTT 180 Wor
_M3
_UAVAILABLE
_y020478
_ZAnnex Low-Usage Collection
995 _aMAIN LIBRARY OPEN ACCESS
_D0.00
_e728811
_FCBU-MAIN LIBRARY (Kitwe)
_H5
_I0.00
_jTT 180 Wor
_M5
_UAVAILABLE
_y020482
_ZMain Library Open Access Collection
995 _aANNEX COLLECTION (Main Library)
_D0.00
_e728809
_FCBU-MAIN LIBRARY (Kitwe)
_H2
_I0.00
_jTT 180 Wor
_M2
_UAVAILABLE
_WJul 24, 2006
_y020480
_ZAnnex Low-Usage Collection
999 _c83177
_d83177